| 000 | 00430nam a2200181Ia 4500 | ||
|---|---|---|---|
| 008 | 210210b2019 xxu||||| |||| 00| 0 eng d | ||
| 041 | _aeng | ||
| 082 | _a891.46301 MENS | ||
| 100 | _aMENDONSA (Navin Pambur) | ||
| 245 | _aShraddhanjali: katha punjo | ||
| 260 |
_aMangaluru _b- _c2019 |
||
| 300 | _av,89 | ||
| 650 | _aShraddhanjali: | ||
| 650 | _apunjo | ||
| 650 | _akatha | ||
| 690 | _aKonkani Fiction | ||
| 906 | _a073268 | ||
| 999 |
_c123149 _d123149 |
||